| 000 | 00330nam a2200109Ia 4500 | ||
|---|---|---|---|
| 008 | 171211s9999 xx 000 0 und d | ||
| 245 | _aCaring for Adults with Mental Health Problems | ||
| 245 | _cIan Peate and Sonya Chelvanayagam | ||
| 260 | _c2007 | ||
| 650 | _xPSYCHOLOGY | ||
| 856 | _uhttp://down.ebook777.com/062/0470026294.pdf | ||
| 999 |
_c349264 _d349264 |
||